| 000 | 01484nam a2200361 a 4500 | ||
|---|---|---|---|
| 001 | 00003861 | ||
| 003 | DO-SdBNP | ||
| 005 | 20161213131058.0 | ||
| 007 | 00003861 | ||
| 008 | 150721s2014 000 spa d | ||
| 020 | _a9789945118711 | ||
| 040 |
_aBPMSU _bspa _cBPMSU |
||
| 082 |
_a372.84 _bR382e 3ro. 2014 |
||
| 245 | 0 | 0 |
_aReligión 3 : _beducación primaria / _cdirección editorial de Claudia Llibre ; ilustración Ruddy Núñez ... [et al.] |
| 260 | 0 |
_aSanto Domingo : _bSantillana, _c2014. |
|
| 300 |
_a127 p. : _bil. ; _c28 cm. |
||
| 490 | 1 | _aProyecto todos juntos | |
| 505 |
_gv. 3 : _tDios nos Hablas -- _tDios es el creador -- _tDios es promete un salvador -- _tJesús de Nazaret _tJesús es el hijo de Dios -- _tJesús murió por todos -- _t!Jesús ha resucitado! -- _tLa Virgen María -- _tDios nos envía su espíritu -- |
||
| 650 | 4 |
_aRELIGIÓN _xESEÑANZA BÁSICA |
|
| 650 | 4 |
_aRELIGIÓN _xLIBROS DE TEXTOS |
|
| 650 | 4 |
_aRELIGIÓN _xESTUDIOS Y EJERCICIOS |
|
| 650 | 4 |
_aEDUCACIÓN PRIMARIA _zREPÚBLICA DOMINICANA |
|
| 650 | 4 |
_aRELIGIÓN _xEDUCACIÓN PRIMARIA |
|
| 700 | 1 | 2 |
_aLlibre, Claudia, _eed. |
| 700 | 1 | 2 |
_4Núñez, Ruddy , _ail. |
| 830 | _pProyecto todos juntos | ||
| 910 | _aValidado. Control de calidad MFF | ||
| 930 | 1 |
_lBND01 _mLF1 _820150721 _f01 _pOI _g49773 |
|
| 930 | 1 |
_lBND01 _mLF1 _820150721 _f01 _pOI _g49773 |
|
| 930 | 1 |
_lBND01 _mLF1 _820150721 _f01 _pOI _g49773 |
|
| 942 |
_2ddc _cBK |
||
| 956 |
_aLOPEREZ _b10 _c201604014 _lBPMSU _h00041 |
||
| 999 |
_c9767 _d9767 |
||